|
|
|
|
| LEADER |
01091nam a2200229 a 4500 |
| 001 |
1925857 |
| 008 |
120103s1985 enka b 001 0 eng d |
| 010 |
|
|
|a 85227869
|
| 020 |
|
|
|a 0853343357
|
| 040 |
|
|
|a DLC
|c DLC
|d DLC
|d BD-DhAAL
|
| 082 |
0 |
0 |
|a 664/.02853
|2 19
|
| 245 |
0 |
0 |
|a Microbiology of frozen foods /
|c edited by R.K. Robinson.
|
| 260 |
|
|
|a London ;
|a New York :
|b Elsevier Applied Science Publishers,
|c c1985.
|
| 300 |
|
|
|a x, 290 p. :
|b ill. ;
|c 23 cm.
|
| 504 |
|
|
|a Includes bibliographies and index.
|
| 541 |
1 |
|
|e 00024159
|
| 650 |
|
0 |
|a Frozen foods
|x Microbiology.
|
| 700 |
1 |
|
|a Robinson, R. K.
|q (Richard Kenneth)
|
| 852 |
1 |
|
|a Ayesha Abed Library
|j General shelf
|
| 999 |
|
|
|c 11710
|d 11710
|
| 952 |
|
|
|0 0
|1 0
|4 0
|6 664_028530000000000_MIC
|7 0
|9 19046
|a BRACUL
|b BRACUL
|c GEN
|d 2012-01-03
|e Greenway Trade International
|g 12000.00
|l 1
|o 664.02853 MIC
|p 3010024159
|r 2012-02-01
|s 2012-01-30
|t 1
|w 2012-01-03
|y BK
|
| 952 |
|
|
|0 0
|1 0
|4 0
|6 664_028530000000000_MIC
|7 0
|9 19047
|a BRACUL
|b BRACUL
|c GEN
|d 2012-01-03
|e Greenway Trade International
|g 12000.00
|l 1
|m 30
|o 664.02853 MIC
|p 3010024160
|r 2023-08-13
|s 2022-11-28
|t 2
|w 2012-01-03
|y BK
|